Energía : (Registro nro. 7999)

Detalles MARC
000 -LEADER
fixed length control field 00951nam a2200229Ia 4500
003 - CONTROL NUMBER IDENTIFIER
control field OSt
005 - DATE AND TIME OF LATEST TRANSACTION
control field 20210610102143.0
008 - FIXED-LENGTH DATA ELEMENTS--GENERAL INFORMATION
fixed length control field 210310q1983 ck ad gr 000 0 spa d
040 ## - CATALOGING SOURCE
Original cataloging agency CO-JMCR
Transcribing agency CO-JMCR
041 0# - LANGUAGE CODE
Language code of text/sound track or separate title spa
082 04 - DEWEY DECIMAL CLASSIFICATION NUMBER
Classification number 333.7915 /
Item number I76e
Edition number 23
100 1# - MAIN ENTRY--PERSONAL NAME
Personal name Isaza, Jose Fernando,
9 (RLIN) 16042
Relator term autor
245 10 - TITLE STATEMENT
Title Energía :
Remainder of title aspectos financieros y fiscales /
Statement of responsibility, etc. José Fernando Isaza
260 ## - PUBLICATION, DISTRIBUTION, ETC.
Place of publication, distribution, etc. [Bogotá] :
Name of publisher, distributor, etc. Contraloría General de la República,
Date of publication, distribution, etc. [1983]
300 ## - PHYSICAL DESCRIPTION
Extent 218 páginas :
Other physical details ilustraciones y gráficas a blanco y negro ;
Dimensions 24 cm.
500 ## - GENERAL NOTE
General note Incluye notas a pie de página.
504 ## - BIBLIOGRAPHY, ETC. NOTE
Bibliography, etc. note Bibliografía: páginas 215-218
505 0# - FORMATTED CONTENTS NOTE
Formatted contents note Sector petróleo -- Sector carbonífero -- Sector eléctrico -- Energía no convencional -- Balance energético colombiano
650 14 - SUBJECT ADDED ENTRY--TOPICAL TERM
Topical term or geographic name entry element Sector energético
9 (RLIN) 16044
General subdivision Aspectos financieros
Geographic subdivision Colombia
650 24 - SUBJECT ADDED ENTRY--TOPICAL TERM
Topical term or geographic name entry element Sector energético
General subdivision Aspectos fiscales
Geographic subdivision Colombia
9 (RLIN) 38283
942 ## - ADDED ENTRY ELEMENTS (KOHA)
Source of classification or shelving scheme Dewey Decimal Classification
Koha item type Books
Existencias
Withdrawn status Lost status Source of classification or shelving scheme Damaged status Not for loan Collection code Home library Current library Date acquired Source of acquisition Full call number Barcode Date last seen Copy number Koha item type
    Dewey Decimal Classification     Non-fiction Biblioteca Pública José María del Castillo y Rada Biblioteca Pública José María del Castillo y Rada 04/15/2018 Donación 333.7915 / I76e 430003647 05/16/2024 Ej.1 Books